Tahzibun Niswan wa Tarbiyatul Insan : / تھذيب النسوان و تربيۃ الانسان (Record no. 27234)

MARC details
000 -LEADER
fixed length control field 00481nam a22001577a 4500
003 - CONTROL NUMBER IDENTIFIER
control field BDDh-ASL
005 - DATE AND TIME OF LATEST TRANSACTION
control field 20231015030736.0
008 - FIXED-LENGTH DATA ELEMENTS--GENERAL INFORMATION
fixed length control field 211028s1904 ii ||||| |||| 00| 0 u d
040 ## - CATALOGING SOURCE
Original cataloging agency BDDh-ASL
Transcribing agency BDDh-ASL
082 ## - DEWEY DECIMAL CLASSIFICATION NUMBER
Classification number 297.3
Item number TAH
245 00 - TITLE STATEMENT
Title Tahzibun Niswan wa Tarbiyatul Insan : / تھذيب النسوان و تربيۃ الانسان
260 ## - PUBLICATION, DISTRIBUTION, ETC.
Place of publication, distribution, etc. Delhi :
Name of publisher, distributor, etc. Ansari Press ,
Date of publication, distribution, etc. 1904.
300 ## - PHYSICAL DESCRIPTION
Extent 326 p. :
Dimensions 24 cm.
650 #0 - SUBJECT ADDED ENTRY--TOPICAL TERM
9 (RLIN) 3283
Topical term or geographic name entry element Islamic History
942 ## - ADDED ENTRY ELEMENTS (KOHA)
Source of classification or shelving scheme Dewey Decimal Classification
Koha item type Books
Holdings
Withdrawn status Lost status Source of classification or shelving scheme Damaged status Not for loan Collection code Home library Current library Shelving location Date acquired Source of acquisition Serial Enumeration / chronology Total Checkouts Full call number Barcode Date last seen Copy number Price effective from Koha item type
    Dewey Decimal Classification     Non-fiction Asiatic Society Library Asiatic Society Library General Stacks 10/28/2021 ASB Library Collection U-0638   297.3 TAH 113322 10/28/2021 C-1 10/28/2021 Books

Powered by Koha